000 01010nam a2200265Ia 4500
001 Z_119
003 CHAP
008 220113s9999 xx 000 0 und d
010 _a163087
040 _cCHAP
090 _aR-11
100 _aTergas, L E
_9137322
245 _aResultados de levante de novillos en varios sistemas en la llanura plana de los llanos orientales de Colombia /
_cpor L.E. Torgas, O. Paladines e I. Kleinheisterkamp
260 _a
500 _aSobretiro de: Taller de trabajo: Sistemas de producción con rumiantes en el trópico americano (1981: Aragua, Venezuela), p.p.211-223, 1981 101-119
650 _aGanado de carne
_xColombia
_945075
650 _aGanado de carne
_xPastoreo I. Paladines, O. II. Kleinheisterkamp, I. III. t.
_9137323
650 _aGanado de carne
_xProducción
_945104
901 _aR-11
902 _aM
910 _a
942 _cc14
942 _cc14
999 _c163087
_d163087